00353nam a2200121Ia 4500008004100000024003200041082001800073100003600091245002000127260002500147600002100172650003800193250506s9999 xx 000 0 und d a99B-02-BS3 & 99B-44-BS3 a005.74072 SYE aSyed Hammad Ali &Sheeraz Kaleem 0aData Base Genie aKarachi:bUIT,c1999 aComputer Science aBachelor of Computer Science (BS)